000 00428nam a2200193Ia 4500
008 210210b1955 xxu||||| |||| 00| 0 eng d
041 _aeng
082 _a887/33
100 _aMUNSHI (K M)
245 _aBhagavad gita and modern life
260 _aBombay
_b-
_c1955
650 _amodern
650 _alife
650 _agita
650 _aBhagavad
650 _aand
690 _aSanskrit Literature
906 _a024631
999 _c150254
_d150254